000 004700000a22001690004500
003 MACL
005 20160112150512.0
008 160112b xxu||||| |||| 00| 0 eng d
040 _aMACL
_cMACL
041 _aEnglish
082 _a923.1/BUR
100 _aBurnell, John
_931405
245 _aBombay in The Days of Queen Anne
_bBeing an Accout of The Settlement
260 _bThe Hakluyt Society
_c1933
_aLondon
650 _aBiography
_931406
942 _cBK
_k923.1/BUR
_2ddc
999 _c38787
_d38787